| 000 | nam a22 7a 4500 | ||
|---|---|---|---|
| 999 |
_c126553 _d126553 |
||
| 008 | 170726b xxu||||| |||| 00| 0 eng d | ||
| 050 | _aBV4501.2.R188 2005 | ||
| 100 |
_aRandall, Ian _933536 |
||
| 245 |
_aWhat a frind we have in Jesus _bThe evangelic tradition _c/ Ian Randall |
||
| 260 |
_aLondon _bLongman and Todd Ltd _c2005 |
||
| 300 |
_a230p. ; _c22cm. |
||
| 440 |
_aTraditions of Christian Spirituality Series _933537 |
||
| 650 |
_aChristian Life _933538 |
||
| 710 |
_aSheldrake, Philip _eSeries ed. _933539 |
||
| 942 |
_2lcc _cMONOGRAPH |
||